Modern general shop : four complete general shop books combined in one volume. (Record no. 65123)

000 -LEADER
fixed length control field 00515nam a22001697a 4500
003 - CONTROL NUMBER IDENTIFIER
control field NUST - PNEC
005 - DATE AND TIME OF LATEST TRANSACTION
control field 20170116180907.0
008 - FIXED-LENGTH DATA ELEMENTS--GENERAL INFORMATION
fixed length control field 150902b xxu||||| |||| 00| 0 eng d
020 ## - INTERNATIONAL STANDARD BOOK NUMBER
International Standard Book Number 0870062603
040 ## - CATALOGING SOURCE
Transcribing agency LIBRARY
082 ## - DEWEY DECIMAL CLASSIFICATION NUMBER
Classification number 600 BRO
100 ## - MAIN ENTRY--PERSONAL NAME
9 (RLIN) 6714
Personal name Brown, Walter C.
245 ## - TITLE STATEMENT
Title Modern general shop : four complete general shop books combined in one volume.
Statement of responsibility, etc. Walter C. Brown
260 ## - PUBLICATION, DISTRIBUTION, ETC.
Date of publication, distribution, etc. c.1978
650 ## - SUBJECT ADDED ENTRY--TOPICAL TERM
9 (RLIN) 6719
Topical term or geographic name entry element Industrial Art, Mechanical Drawing, Electronic.
General subdivision ME, EE, EL.
942 ## - ADDED ENTRY ELEMENTS (KOHA)
Source of classification or shelving scheme
Koha item type Book
Holdings
Withdrawn status Lost status Source of classification or shelving scheme Damaged status Not for loan Permanent Location Current Location Shelving location Date acquired Total Checkouts Full call number Barcode Date last seen Price effective from Koha item type
          Pakistan Navy Engineering College (PNEC) Pakistan Navy Engineering College (PNEC)       600 BRO PNECLIB-008103 09/02/2015   Book
© 2023 Central Library, National University of Sciences and Technology. All Rights Reserved.